Catálogo

Una gran señal apareció en el cielo / (Registro nro. 61539)

Detalles MARC
000 -LEADER
fixed length control field 01240cam a2200313 i 4500
001 - CONTROL NUMBER
control field 61539
003 - CONTROL NUMBER IDENTIFIER
control field Mx-PuUPA
005 - DATE AND TIME OF LATEST TRANSACTION
control field 20240307152339.0
008 - FIXED-LENGTH DATA ELEMENTS--GENERAL INFORMATION
fixed length control field 141010s2009 xxua r 000 0 spa d
020 ## - INTERNATIONAL STANDARD BOOK NUMBER
International Standard Book Number 9781933871219
040 ## - CATALOGING SOURCE
Original cataloging agency Mx-PuUPA
Language of cataloging spa
Transcribing agency Mx-PuUPA
Modifying agency Mx-PuUPA
Description conventions rda
041 0# - LANGUAGE CODE
Language code of text/sound track or separate title spa
245 04 - TITLE STATEMENT
Title Una gran señal apareció en el cielo /
Statement of responsibility, etc. coordinadora, María Elena Steta de Martín del Campo ; colaboradores, Aurora Peralta de Lascuráin, Esther Fernández de Herrera [y otros dos]
250 ## - EDITION STATEMENT
Edition statement Versión corregida y aumentada
264 #1 - PRODUCTION, PUBLICATION, DISTRIBUTION, MANUFACTURE, AND COPYRIGHT NOTICE
Place of production, publication, distribution, manufacture New York :
Name of producer, publisher, distributor, manufacturer IVE Press, New York,
Date of production, publication, distribution, manufacture, or copyright notice 2009
300 ## - PHYSICAL DESCRIPTION
Extent 158 páginas :
Other physical details ilustraciones (en blanco y negro) ;
Dimensions 22 cm
336 ## - CONTENT TYPE
Content type term texto
Fuente rdacontent
Content type code txt
336 ## - CONTENT TYPE
Fuente rdacontent
Content type term imagen fija
Content type code sti
337 ## - MEDIA TYPE
Media type term sin medio
Source rdamedia
Media type code n
338 ## - CARRIER TYPE
Carrier type term volume
Source rdacarrier
Carrier type code nc
490 0# - SERIES STATEMENT
Series statement Colección Guadalupana
600 04 - SUBJECT ADDED ENTRY--PERSONAL NAME
Personal name Virgen de Guadalupe
General subdivision Apariciones y milagros
700 1# - ADDED ENTRY--PERSONAL NAME
Personal name Steta de Martín del Campo, María Elena,
Relator term coordinador
9 (RLIN) 15399
700 1# - ADDED ENTRY--PERSONAL NAME
Personal name Peralta de Lascuráin, Aurora,
Relator term colaborador
700 1# - ADDED ENTRY--PERSONAL NAME
Personal name Fernández de Herrera, Esther,
Relator term colaborador
942 ## - ADDED ENTRY ELEMENTS (KOHA)
Source of classification or shelving scheme Dewey Decimal Classification
Koha item type Libro
Classification part 232.917
Item part G726
Existencias
Withdrawn status Lost status Source of classification or shelving scheme Damaged status Not for loan Collection code Home library Current library Shelving location Date acquired Source of acquisition Total Checkouts Full call number Barcode Date last seen Copy number Price effective from Koha item type
    Dewey Decimal Classification     General Centro de Estudios Guadalupanos Centro de Estudios Guadalupanos Sala general 03/12/2013 Compra   232.917 G726 2009 46444 05/01/2026 Ej.2 03/12/2013 Libro
    Dewey Decimal Classification     General Centro de Estudios Guadalupanos Centro de Estudios Guadalupanos Sala general 10/10/2014 Compra   232.917 G726 2009 92622 05/01/2026   10/10/2014 Libro